Central Library OPAC University of Rajshahi

Thomas Middleton and William Rowley, The changeling : (Record no. 18673)

MARC details
000 -LEADER
fixed length control field 00779nam a22002772a 4500
001 - CONTROL NUMBER
control field 18673
003 - CONTROL NUMBER IDENTIFIER
rucl marc code BD-RjUL
005 - DATE AND TIME OF LATEST TRANSACTION
control field 20211209000322.0
008 - FIXED-LENGTH DATA ELEMENTS--GENERAL INFORMATION
fixed length control field 140222s1966 enka 000 0 eng d
020 ## - INTERNATIONAL STANDARD BOOK NUMBER
International Standard Book Number 058279238X (pbk)
035 ## - SYSTEM CONTROL NUMBER
System control number (BD-RjUL)18731
040 ## - CATALOGING SOURCE
Original cataloging agency UKM
Transcribing agency UKM
Modifying agency BD-RjUL
Language of cataloging eng
041 ## - LANGUAGE CODE
Language code of text/sound track or separate title eng
082 ## - DEWEY DECIMAL CLASSIFICATION NUMBER
Classification number 822.3
Edition number 19
Author mark and year THO 1966
245 10 - TITLE STATEMENT
Title Thomas Middleton and William Rowley, The changeling :
Remainder of title notes /
260 ## - PUBLICATION, DISTRIBUTION, ETC. (IMPRINT)
Place of publication, distribution, etc. Harlow :
Name of publisher, distributor, etc. Longman,
Date of publication, distribution, etc. 1966.
300 ## - PHYSICAL DESCRIPTION
Pagination xxiv,112p. :
Illustrations ill. ;
Size 21 cm
490 1# - SERIES STATEMENT
Series statement York notes ;
Volume/sequential designation 212
504 ## - BIBLIOGRAPHY, ETC. NOTE
Bibliography, etc Bibliography: p. 87-88
700 1# - ADDED ENTRY--PERSONAL NAME
Personal name Middleton, Thomas,
Dates associated with a name -1627.
830 #0 - SERIES ADDED ENTRY--UNIFORM TITLE
Volume number/sequential designation 212.
830 #0 - SERIES ADDED ENTRY--UNIFORM TITLE
Uniform title York notes ;
942 ## - ADDED ENTRY ELEMENTS (KOHA)
Source of classification or shelving scheme Dewey Decimal Classification
Koha item type Books
Holdings
Lost status Source of classification or shelving scheme Damaged status Not for loan Collection code Permanent Location Current Location Shelving location Date acquired Source of acquisition Cost, normal purchase price Total Checkouts Full call number Date last seen Copy number Koha item type
  Dewey Decimal Classification     Fiction Central Library, University of Rajshahi Central Library, University of Rajshahi   26/11/1969 Zeit 21.00   822.3 THO 1966 22/02/2014 C-2 Books